La Biblia y Occidente: de la biblioteca de Alejandría a la cultura europea

Tallennettuna:
Bibliografiset tiedot
Päätekijä: Paul, André (autor)
Aineistotyyppi: Kirja
Kieli:espanja
Julkaistu: Pamplona Verbo Divino 2008
Aiheet:
Tagit: Lisää tagi
Ei tageja, Lisää ensimmäinen tagi!

MARC

LEADER 00000cam a2200000 a 4500
001 UCF6458
003 CL-VaPUC
008 130425e20080000SP |||||||||||||||||spa|d
020 |a 9788481697919 
082 0 4 |a 220.12  |b PAU  |2 21 
100 |a Paul, André  |e autor  |9 588057 
245 1 3 |a La Biblia y Occidente: de la biblioteca de Alejandría a la cultura europea 
300 |a 454 p 
942 |c BK 
945 |d 20130425 00:00:00  |a dcastane 
260 |a Pamplona  |b Verbo Divino  |c 2008 
650 0 |a Textos sagrados   |9 257605 
650 0 |a Sagradas escrituras  |9 349657 
650 0 |a Biblia  |9 257603 
650 7 |a CULTURA EUROPEA  |2 CL-VaPUC  |9 436206 
583 |a last modification  |c 20130425 11:23:00  |k Rodrigo Vera 
999 |c 351645  |d 351643 
952 |0 0  |1 0  |4 0  |6 220_120000000000000_PAU_2008  |7 0  |8 A  |9 455868  |a BIBTEO  |b BIBTEO  |d 2019-11-22  |i 4967453  |o 220.12 PAU 2008  |p 4967453  |r 2025-01-17  |w 2019-11-22  |y BK  |k ICR 
952 |0 0  |1 0  |4 0  |6 220_120000000000000_PAU_2008  |7 0  |8 A  |9 455869  |a BIBTEO  |b BIBTEO  |d 2019-11-22  |i 4967461  |o 220.12 PAU 2008  |p 4967461  |r 2025-01-17  |w 2019-11-22  |y BK  |k ICR